Computer fundamentals and logic formulation / (Record no. 296124)
[ view plain ]
| 000 -LEADER | |
|---|---|
| fixed length control field | 00586nam a2200205Ia 4500 |
| 008 - FIXED-LENGTH DATA ELEMENTS--GENERAL INFORMATION | |
| fixed length control field | 160621s9999 xx 000 0 und d |
| 020 ## - INTERNATIONAL STANDARD BOOK NUMBER | |
| International Standard Book Number | 978-981-4221-17-7 |
| 050 ## - LIBRARY OF CONGRESS CALL NUMBER | |
| Classification number | ComSc QA 76.73 |
| 050 ## - LIBRARY OF CONGRESS CALL NUMBER | |
| Item number | .B3A53 2008 |
| 100 ## - MAIN ENTRY--PERSONAL NAME | |
| Personal name | Anderson, Greg. |
| 245 ## - TITLE STATEMENT | |
| Title | Computer fundamentals and logic formulation / |
| 245 ## - TITLE STATEMENT | |
| Statement of responsibility, etc | Greg Anderson, Charles Roth, Jr, Joyce Farrell. |
| 260 ## - PUBLICATION, DISTRIBUTION, ETC. (IMPRINT) | |
| Place of publication, distribution, etc | Singapore : |
| 260 ## - PUBLICATION, DISTRIBUTION, ETC. (IMPRINT) | |
| Name of publisher, distributor, etc | Thomson Learning Asia, |
| 260 ## - PUBLICATION, DISTRIBUTION, ETC. (IMPRINT) | |
| Date of publication, distribution, etc | 2008 |
| 300 ## - PHYSICAL DESCRIPTION | |
| Extent | C - 7 pages : |
| 300 ## - PHYSICAL DESCRIPTION | |
| Other physical details | illustrations ; |
| 300 ## - PHYSICAL DESCRIPTION | |
| Dimensions | 24 cm. |
| 650 ## - SUBJECT ADDED ENTRY--TOPICAL TERM | |
| Topical term or geographic name as entry element | BASIC (Computer propgram language). |
| Withdrawn status | Lost status | Damaged status | Home library | Current library | Shelving location | Date acquired | Cost, normal purchase price | Total Checkouts | Full call number | Barcode | Date last seen | Price effective from | Koha item type |
|---|---|---|---|---|---|---|---|---|---|---|---|---|---|
| South Mansfield College | South Mansfield College | 05/26/2008 | 474.00 | ComSc QA 76.73 .B3A53 2008 | SMC05090 | 06/21/2016 | 06/21/2016 |